Statistics for MARVEL's Guardians of the Galaxy Characters

Click here to take the quiz!

General Stats

  • This quiz has been taken 903 times
  • The average score is 9 of 16

Answer Stats

DescriptionPlayed ByCharacter% Correct
A tree-like humanoid who is the accomplise of the below.Vin DieselGroot
99%
The leader of the Guardians, who was abducted from Missouri as a child in the mid-1980s and raised by agroup of thieves and smugglers called the Ravagers and is the heir to the Spartax empire.Chris PrattPeter Quill
98%
A genetically engineered raccoon who is a bounty hunter and mercenary and is a master of weapons and battle tactics.Bradley CooperRocket
97%
An orphan from the alien world who was trained by Thanos to be his personal assassin and seeks redemption from her past crimes.Zoe SaldanaGamora
92%
A warrior in search of vengeance against Ronan after his family was killed.Dave BautistaDrax the Destroyer
91%
A Kree radical who agrees to retrieve an artifact for Thanos in exchange for eradicating his mortal enemies, the Xandarians.Lee PaceRonan
80%
A blue-skinned bandit who is the leader of the Ravagers and a paternal figure to Peter QuillMichael RookerYondu
74%
An adopted daughter of Thanos who was raised together with Gamora as siblings and is a loyal lieutenant in Ronan and Thanos' employ.Karen GillanNebula
72%
An obsessive keeper of the largest collection of interstellar fauna, relics, and species in the galaxy who operates out of a place in space called Knowhere.Benicio del ToroTaneleer Tivan/The Collector
61%
The leader of the Nova Corps who's mission is to protect the citizens of Cancer and keep peace.Glenn CloseNova Prime Irani Rael
28%
A Kree ally to Ronan who is a feared intergalactic hunter.Djimon HounsouKorath
16%
The mother of Peter Quill.Laura HaddockMeredith Quill
16%
Yondu's first mate in the Ravagers.Sean GunnKraglin
14%
The Collector's aid.Ophilia LovibondCarina
9%
A corpsman in the Nova Corps, the planet Xander's military force.John C. ReillyRhomann Dey
5%
A Nova Corps officer.Peter SerafinowiczDenarian Saal
5%

Score Distribution

Percentile by Number Answered

Percent of People with Each Score

Your Score History

You have not taken this quiz